Prepis stochastických Petriho sietí do VHDL kódu

Gespeichert in:
Bibliographische Detailangaben
1. Verfasser: Hollý, Jakub, 1987- (Verfasst von)
Weitere Verfasser: Flochová, Jana, 1959- (Betreuung Doktorarbeit)
Format: Manuskript Buch
Sprache:Slowakisch
Veröffentlicht: Bratislava : STU v Bratislave FIIT, 2011
Schlagworte:
Online-Zugang:VAIS
Tags: Tag hinzufügen
Keine Tags, Fügen Sie das erste Tag hinzu!

MARC

LEADER 00000ntm a22000003a 4500
001 stu232538
005 20150617230133.6
008 110730s2011----xo------------------slo-d
040 |a STU  |b slo 
041 0 |a slo 
044 |a xo 
100 1 |a Hollý, Jakub,  |d 1987-  |4 aut  |u I100  |U FIIT Fakulta informatiky a informačných technológií  |T FIIT Ústav počítačových systémov a sietí  |X 36289  |U I100  |Y 178  |7 A000036289 
242 0 0 |a Transcript of stochastic Petri nets into VHDL code  |y eng 
245 1 |a Prepis stochastických Petriho sietí do VHDL kódu 
260 |a Bratislava :  |b STU v Bratislave FIIT,  |c 2011 
300 |a 77 s 
650 7 |a siete  |2 stusub 
650 7 |a počítačové a komunikačné systémy a siete  |2 stusub 
650 7 |a Computer and Communication Systems and Networks  |2 estusub 
700 1 |a Flochová, Jana,  |d 1959-  |4 ths  |u I100  |U FIIT Fakulta informatiky a informačných technológií  |T FIIT Ústav počítačových systémov a sietí  |X 3540  |U I100  |Y 178  |7 3540 
856 4 |a info a plný text  |u http://is.stuba.sk/zp/portal_zp.pl?podrobnosti=74798  |3 VAIS 
996 |b IDP41/11  |c I*DP41/11  |l II680  |s A  |a 24  |w stu232538_0001